| 000 | 01045nam0a2200301 4500 | ||
|---|---|---|---|
| 001 | RU\NLR\bibl\807229 | ||
| 005 | 20260406050232.0 | ||
| 010 |
_a5-17-022007-3 _bАСТ |
||
| 010 |
_a5-9578-0744-3 _bТранзиткнига _95100 |
||
| 021 |
_aRU _b2005-8964 _9467 |
||
| 035 | _a(NLR Aleph) 000796331 | ||
| 090 |
_a1153346 _c1153346 |
||
| 100 | _a20050606d2005 |||y0rusy50 ca | ||
| 101 | 1 |
_arus _ceng |
|
| 102 | _aRU | ||
| 105 | _ay ||||||||| | ||
| 200 | 1 |
_aВсем стоять на Занзибаре _e[роман] _fДжон Браннер _g[пер. с англ. А.А. Комаринец] |
|
| 210 |
_aМосква _cАСТ _cТранзиткнига _d2005 |
||
| 215 |
_a760,[4] с. _d21 |
||
| 225 | 1 |
_aАльтернатива _iФантастика |
|
| 686 | _aШ6(4Вл)67-445{Лх1299-62} | ||
| 700 | 1 |
_4070 _7ca _8rus _aБраннер _bД. _f1934-1995 _gДжон _3RU\NLR\AUTH\775753 _9115712 |
|
| 801 | 0 |
_aRU _bNLR _c20050606 _gPSBO |
|
| 801 | 1 |
_aRU _bNLR _c20050606 |
|
| 942 | _cBOOK | ||
| 980 | _aNB | ||